书目信息 |
| 题名: |
忽必烈传
|
|
| 作者: | 严亚珍 编著 | |
| 分册: | ||
| 出版信息: | 西安 三秦出版社 2013 |
|
| 页数: | 394页 | |
| 开本: | 24cm | |
| 丛书名: | 帝王传大系 | |
| 单 册: | ||
| 中图分类: | K827=47 , K827 | |
| 科图分类: | ||
| 主题词: | ||
| 电子资源: | ||
| ISBN: | 978-7-5518-0343-4 | |
| 000 | 00851oam2 2200277 450 | |
| 001 | 1649391873 | |
| 005 | 20210104103017.69 | |
| 010 | @a978-7-5518-0343-4@dCNY39.80 | |
| 100 | @a20130506d2013 em y0chiy50 ea | |
| 101 | 0 | @achi |
| 102 | @aCN@b610000 | |
| 105 | @ay z 000yb | |
| 200 | 1 | @a忽必烈传@9hu bi lie zhuan@e元世祖@f严亚珍编著 |
| 210 | @a西安@c三秦出版社@d2013 | |
| 215 | @a394页@d24cm | |
| 225 | 1 | @a帝王传大系 |
| 330 | @a本书以元世祖的一生为主线,从他的家族渊缘入手,以历史小说的形式系统地介绍了忽必烈一生的沉浮。 | |
| 461 | 0 | @12001 @a帝王传大系 |
| 517 | 1 | @a元世祖@9yuan shi zu |
| 600 | 0 | @a忽必烈@f(1215-1294)@x传记 |
| 600 | 0 | @a忽必烈@f(1215-1294) |
| 690 | @aK827=47@v5 | |
| 690 | @aK827@v4 | |
| 701 | 0 | @a严亚珍@9yan ya zhen@4编著 |
| 801 | 0 | @aCN@b大连网信软件有限公司图书馆·11@c20210104 |
| 905 | @aBZT@dK827@e246 | |
| 忽必烈传:元世祖/严亚珍编著.-西安:三秦出版社,2013 |
| 394页;24cm.-(帝王传大系) |
| ISBN 978-7-5518-0343-4:CNY39.80 |
| 本书以元世祖的一生为主线,从他的家族渊缘入手,以历史小说的形式系统地介绍了忽必烈一生的沉浮。 |
| ● |
| 相关链接 |
|
|
|
正题名:忽必烈传
索取号:K827/246
 
预约/预借
| 序号 | 登录号 | 条形码 | 馆藏地/架位号 | 状态 | 备注 |
| 1 | 2000877203 | 2000877203 | 第二书库/ [索取号:K827/246] | 在馆 | |
| 2 | 2000877204 | 2000877204 | 第二书库/ [索取号:K827/246] | 在馆 | |
| 3 | 2000877205 | 2000877205 | 第二书库/ [索取号:K827/246] | 在馆 | |
| 4 | 807262 | 2000807262 | 第二书库/ [索取号:K827/246] | 在馆 | |
| 5 | 807263 | 2000807263 | 第二书库/ [索取号:K827/246] | 在馆 | |
| 6 | 807264 | 2000807264 | 第二书库/ [索取号:K827/246] | 在馆 |